Lanean...

Malayala sahithya charithram, Part3: 17-um 18-um noottaantukal (m)

Xehetasun bibliografikoak
Egile nagusia: Paramesearan Nair, P K
Formatua: Printed Book
Argitaratua: Kottayam Current Books 2001
Gaiak:
LEADER 00520nam a2200157 4500
082 |a 8M0.9 PAR.PK-M.3 
100 |a Paramesearan Nair, P K 
245 |a Malayala sahithya charithram, Part3: 17-um 18-um noottaantukal (m) 
250
260 |a Kottayam  |b Current Books  |c 2001 
300
490
650 |a Malayalam literature criticism 
942 |c BK 
999 |c 234875  |d 234875 
952 |0 0  |1 0  |4 0  |6 8M0_9_000000000000000_PAR_PKM_3  |7 0  |9 249008  |a SDE  |b SDE  |d 2019-12-12  |l 0  |o 8M0.9 PAR.PK-M.3  |p SDE14332  |r 2019-12-12  |w 2019-12-12  |y BK